| 000 | 00808nam a22002175i 4500 | ||
|---|---|---|---|
| 001 | 156359 | ||
| 003 | ES-MaACL | ||
| 005 | 20250806050952.0 | ||
| 008 | 040730s1883 sp |||| | spa d | ||
| 040 |
_aCAM _bspa _cCAM |
||
| 100 | 1 |
_aJiménez y Jiménez, Vicente. _9128320 |
|
| 245 | 1 | 0 | _aMemoria leída por Vicente Giménez y Giménez en el acto de tomar el grado de Doctor en la Facultad de Farmacia. |
| 260 |
_aMadrid : _b[s.n., _cs.a.] ( _fImprenta Madrileña hermanos) |
||
| 300 |
_a24 p. ; _c23 cm. |
||
| 500 | _aEl tema de la memoria es las aguas sulfurosas. | ||
| 594 | _aEn port. consta: "Agosto 23 - 1883" | ||
| 650 | 7 |
_aAguas minerales _2embne _9135517 |
|
| 852 |
_aES-MaACL _jT-1137-F-3 _z-- Enc. hol. _z-- Enc. en un vol. facticio |
||
| 942 | _2udc | ||
| 999 |
_c156359 _d156359 |
||